Tatuaxes = (Record no. 183543)

MARC details
000 -LEADER
campo de control de longitud fija 00971nam a2200277 i 4500
001 - NÚMERO DE CONTROL
campo de control 183543
003 - IDENTIFICADOR DE NÚMERO DE CONTROL
campo de control ES-MaACL
005 - FECHA Y HORA DE LA ÚLTIMA TRANSACCIÓN
campo de control 20251014063258.0
008 - DATOS DE LONGITUD FIJA--INFORMACIÓN GENERAL
campo de control de longitud fija 140717s2012 sp | |||||||| | glg
020 ## - NÚMERO INTERNACIONAL ESTÁNDAR DEL LIBRO
Número Internacional Estándar del Libro 978-84-15398-71-4
080 ## - NÚMERO DE LA CLASIFICACIÓN DECIMAL UNIVERSAL
Número de la Clasificación Decimal Universal 821.134.4-14"19"
100 1# - ENTRADA PRINCIPAL--NOMBRE DE PERSONA
Nombre de persona Pereira Valcárcel, Manuel,
Fechas asociadas al nombre 1955-
9 (RLIN) 154997
245 10 - MENCIÓN DEL TÍTULO
Título Tatuaxes =
Resto del título Tatuajes : [poemario bilingüe] /
Mención de responsabilidad, etc. Manuel Pereira Valcárcel ; prólogo de Vicente Araguas ; [traducciones, Manuel Pereira Valcárcel].
246 3# - FORMA VARIANTE DEL TITULO
Título propio/Titulo breve Tatuajes
250 ## - MENCION DE EDICION
Mención de edición 1ª ed.
260 ## - PUBLICACIÓN, DISTRIBUCIÓN, ETC.
Lugar de publicación, distribución, etc. [Colmenar Viejo, Madrid] :
Nombre del editor, distribuidor, etc. Amargord,
Fecha de publicación, distribución, etc. 2012.
300 ## - DESCRIPCIÓN FÍSICA
Extensión 174 p. ;
Dimensiones 21 cm.
490 1# - MENCIÓN DE SERIE
Mención de serie Galeuskas ;
Designación de volumen o secuencia 2
546 ## - NOTA DE IDIOMA
Nota de lengua/lenguaje Texto en gallego y traducción al español.
700 1# - ENTRADA AGREGADA--NOMBRE PERSONAL
Nombre de persona Araguas, Vicente.
9 (RLIN) 22210
830 1# - PUNTO DE ACCESO ADICIONAL DE SERIE-TÍTULO UNIFORME
Título uniforme Galeuskas ;
Designación de volumen o secuencia 2
9 (RLIN) 224995
852 4# - LOCALIZACIÓN
Ubicación ES-MaACL
Número de control de estantería A-13153
itemnumber 190484
Sublocalización o colección R.149907
Ubicación en estantería Depósito 1
Signatura antigua Olim:N-6153
942 ## - ELEMENTOS DE ENTRADA SECUNDARIOS (KOHA)
Fuente del sistema de clasificación o colocación Clasificación decimal universal
Tipo de ítem Koha Libro impreso
Holdings
Estatus retirado Estado de pérdida Fuente del sistema de clasificación o colocación Estado de daño No para préstamo Biblioteca de origen Biblioteca actual Ubicación en estantería Fecha de adquisición Fuente de adquisición Total de préstamos Signatura topográfica completa Código de barras Visto por última vez Precio de reemplazo Tipo de ítem Koha
    Clasificación decimal universal     Biblioteca del Ateneo de Madrid Biblioteca del Ateneo de Madrid Depósito 1 17/07/2014 Donación   A-13153 1192922 23/02/2023 23/02/2023 Libro impreso